000 00512nam a22001697a 4500
005 20251108165219.0
008 250721s1992 xx 000 0 ara d
082 1 4 _a922.1/عاط
100 1 _aالطحاوي، عاطف
245 1 0 _aالفرسان العشرة في الإسلام /
264 1 _aالقاهرة :
_bمكتبة القرآن للطبع و النشر،
_c1992.
300 _a192ص
650 1 7 _aالتراجم
650 1 7 _aالقادة الدينيون
942 _2ddc
_cBK
999 _c22290
_d22290